|
|
|
|
| LEADER |
03200nam a22004575i 4500 |
| 001 |
978-1-4419-6697-1 |
| 003 |
DE-He213 |
| 005 |
20151120223910.0 |
| 007 |
cr nn 008mamaa |
| 008 |
101029s2011 xxu| s |||| 0|eng d |
| 020 |
|
|
|a 9781441966971
|9 978-1-4419-6697-1
|
| 024 |
7 |
|
|a 10.1007/978-1-4419-6697-1
|2 doi
|
| 040 |
|
|
|d GrThAP
|
| 050 |
|
4 |
|a HM1001-1281
|
| 072 |
|
7 |
|a JMS
|2 bicssc
|
| 072 |
|
7 |
|a PSY023000
|2 bisacsh
|
| 072 |
|
7 |
|a PSY045030
|2 bisacsh
|
| 082 |
0 |
4 |
|a 155.2
|2 23
|
| 082 |
0 |
4 |
|a 302
|2 23
|
| 100 |
1 |
|
|a Davis, Larry E.
|e author.
|
| 245 |
1 |
0 |
|a Measuring Race and Ethnicity
|h [electronic resource] /
|c by Larry E. Davis, Rafael J. Engel.
|
| 264 |
|
1 |
|a New York, NY :
|b Springer New York :
|b Imprint: Springer,
|c 2011.
|
| 300 |
|
|
|a XVIII, 198 p.
|b online resource.
|
| 336 |
|
|
|a text
|b txt
|2 rdacontent
|
| 337 |
|
|
|a computer
|b c
|2 rdamedia
|
| 338 |
|
|
|a online resource
|b cr
|2 rdacarrier
|
| 347 |
|
|
|a text file
|b PDF
|2 rda
|
| 505 |
0 |
|
|a Asian and Pacific Islanders.-Hispanics -- African Americans -- Caucasians -- Native Americans -- Generic.
|
| 520 |
|
|
|a Racial and ethnic issues stand at the core of social, political, and economic concerns in an increasingly diverse America. Accordingly, how individuals from the various ethnic groups regard themselves—and others—is a salient focus of research studies across the disciplines. Measuring Race and Ethnicity gathers psychological measures of common phenomena such as racial identity, acculturation, and intra- and intergroup relations enabling researchers to compare concepts across groups and better evaluate differences and disparities. Most of the instruments date from the 1990s and later, while a number of still-useful earlier scales are included. Taken together, these tools strengthen a wide evidence base, and point to areas where new scales are warranted. Included in this volume: -Fourteen measures for African Americans, such as the Rejection Sensitivity Race Questionnaire and the Cultural Mistrust Inventory -Nine Caucasian-specific instruments, including the Race and Politics Survey and the Being White in America Scale -Nineteen acculturation scales for Latinos, some specific to Puerto Ricans, Cubans, and Chicanos -Eight Asian/Pacific Islander measures, including the Race-Related Stressor Scale and the Intergenerational Congruence in Immigrant Families Scale. -The Native American Acculturation Scale -Twenty-two generic measures, including the Experience of Discrimination Scale and the Scale of Ethnocultural Empathy Researchers in psychology, social work, and public health examining cultural and race-related topics will find an immediately relevant source of valid and reliable scales in Measuring Race and Ethnicity.
|
| 650 |
|
0 |
|a Psychology.
|
| 650 |
|
0 |
|a Personality.
|
| 650 |
|
0 |
|a Social psychology.
|
| 650 |
1 |
4 |
|a Psychology.
|
| 650 |
2 |
4 |
|a Personality and Social Psychology.
|
| 700 |
1 |
|
|a Engel, Rafael J.
|e author.
|
| 710 |
2 |
|
|a SpringerLink (Online service)
|
| 773 |
0 |
|
|t Springer eBooks
|
| 776 |
0 |
8 |
|i Printed edition:
|z 9781441966964
|
| 856 |
4 |
0 |
|u http://dx.doi.org/10.1007/978-1-4419-6697-1
|z Full Text via HEAL-Link
|
| 912 |
|
|
|a ZDB-2-BHS
|
| 950 |
|
|
|a Behavioral Science (Springer-11640)
|